Biblical hermeneutics :Five Views (Record no. 22543)

MARC details
000 -LEADER
fixed length control field 00491cam a22001814a 4500
020 ## - INTERNATIONAL STANDARD BOOK NUMBER
ISBN 9780830839636 (pbk. : alk. paper)
082 00 - DEWEY DECIMAL CLASSIFICATION NUMBER
Classification number 220.601
Author Cutter BLO
245 00 - TITLE STATEMENT
Title Biblical hermeneutics :Five Views
260 ## - PUBLICATION, DISTRIBUTION, ETC. (IMPRINT)
Place of publication Downers Grove, Ill. :
Name of publisher IVP Academic,
Year of publication c2012.
300 ## - PHYSICAL DESCRIPTION
Number of Pages 224 p. ;
490 0# - SERIES STATEMENT
Series statement Spectrum multiview book
650 ## - SUBJECT ADDED ENTRY--TOPICAL TERM
Topical Term BiblE hermeneutics
942 ## - ADDED ENTRY ELEMENTS (KOHA)
Koha item type Books
700 1# -
-- Porter, Stanley E.,
700 1# -
-- Stovell, Beth M.,
700 1# -
-- Blomberg, Craig L.,
Holdings
Home library Current library Shelving location Date acquired Full call number Accession Number Koha item type
Henry Martyn Institute Library Henry Martyn Institute Library General stacks 11/23/2018 220.601 BLO 11003920 Books
Henry Martyn Institute Library Henry Martyn Institute Library General stacks 11/23/2018 220.601 BLO 11003919 Books
                   Copyright © 2026 | Henry Martyn Institute | Hyderabad | TS-500052 | INDIA | Implemented by hmi.edu.in
Hit-Count:

Powered by Koha